MARC

LEADER 00000nam0a2200000 4500
001 144695
005 20231101221118.0
035 |a (RuTPU)RU\TPU\book\156817 
090 |a 144695 
100 |a 20081007d1968 km y0rusy50 ca 
101 0 |a rus 
102 |a RU 
105 |a a z 001zy 
200 1 |a Диффузионная сварка в вакууме  |f Н. Ф. Казаков 
210 |a Москва  |c Машиностроение  |d 1968 
215 |a 331 с.  |c ил. 
320 |a Библиогр.: с. 324-330. 
606 |a Сварка диффузионная в вакууме  |2 stltpush  |3 (RuTPU)RU\TPU\subj\53935  |9 72099 
610 1 |a вакуум 
610 1 |a физические основы 
610 1 |a металлы 
610 1 |a сплавы 
610 1 |a неметаллические материалы 
610 1 |a установки 
610 1 |a приспособления 
675 |a 621.791.18  |v 3 
700 1 |a Казаков  |b Н. Ф.  |g Николай Федотович 
801 1 |a RU  |b 63413507  |c 20081007  |g PSBO 
801 2 |a RU  |b 63413507  |c 20221123  |g PSBO 
942 |c BK